<?xml version='1.0' encoding='UTF-8'?>
  <record xmlns="http://www.loc.gov/MARC21/slim">
    <leader>00000cam a22000007i 4500</leader>
    <controlfield tag="001">ocn901227909</controlfield>
    <controlfield tag="003">OCoLC</controlfield>
    <controlfield tag="005">20250913215115.1</controlfield>
    <controlfield tag="008">150127s1488    be            000 0 lat d</controlfield>
    <datafield tag="040" ind1=" " ind2=" ">
      <subfield code="a">NLGGC</subfield>
      <subfield code="b">eng</subfield>
      <subfield code="e">rda</subfield>
      <subfield code="e">dcrmr</subfield>
      <subfield code="c">NLGGC</subfield>
      <subfield code="d">OCLCO</subfield>
      <subfield code="d">OCLCL</subfield>
      <subfield code="d">OCLCQ</subfield>
      <subfield code="d">QGJ</subfield>
      <subfield code="d">OCLCO</subfield>
    </datafield>
    <datafield tag="029" ind1="0" ind2=" ">
      <subfield code="a">NLGGC</subfield>
      <subfield code="b">388321059</subfield>
    </datafield>
    <datafield tag="035" ind1=" " ind2=" ">
      <subfield code="a">(OCoLC)901227909</subfield>
    </datafield>
    <datafield tag="100" ind1="0" ind2=" ">
      <subfield code="a">Thomas,</subfield>
      <subfield code="c">Aquinas, Saint,</subfield>
      <subfield code="d">1225?-1274,</subfield>
      <subfield code="e">author.</subfield>
      <subfield code="4">aut</subfield>
      <subfield code="1">https://id.oclc.org/worldcat/entity/E39PBJyMkPRmyFpxV4XVwgRVG3</subfield>
    </datafield>
    <datafield tag="240" ind1=" " ind2=" ">
      <subfield code="a">Works.</subfield>
      <subfield code="k">Selections.</subfield>
      <subfield code="f">approximately 1488</subfield>
      <subfield code="s">(Printer of Augustinus, 'Explanatio psalmorum')</subfield>
    </datafield>
    <datafield tag="245" ind1="1" ind2="0">
      <subfield code="a">[Opuscula] /</subfield>
      <subfield code="c">[Thomas Aquinas]</subfield>
    </datafield>
    <datafield tag="246" ind1="1" ind2=" ">
      <subfield code="a">Title according to ISTC:</subfield>
      <subfield code="a">Opuscula (70)</subfield>
    </datafield>
    <datafield tag="264" ind1=" " ind2="1">
      <subfield code="a">[Southern Netherlands?] :</subfield>
      <subfield code="b">[Printer of Augustinus, 'Explanatio psalmorum'],</subfield>
      <subfield code="c">[approximately 1488]</subfield>
    </datafield>
    <datafield tag="300" ind1=" " ind2=" ">
      <subfield code="a">[24], cccccxliiij leaves ;</subfield>
      <subfield code="c">36 cm (folio)</subfield>
    </datafield>
    <datafield tag="336" ind1=" " ind2=" ">
      <subfield code="a">text</subfield>
      <subfield code="b">txt</subfield>
      <subfield code="2">rdacontent</subfield>
    </datafield>
    <datafield tag="337" ind1=" " ind2=" ">
      <subfield code="a">unmediated</subfield>
      <subfield code="b">n</subfield>
      <subfield code="2">rdamedia</subfield>
    </datafield>
    <datafield tag="338" ind1=" " ind2=" ">
      <subfield code="a">volume</subfield>
      <subfield code="b">nc</subfield>
      <subfield code="2">rdacarrier</subfield>
    </datafield>
    <datafield tag="340" ind1=" " ind2=" ">
      <subfield code="m">folio</subfield>
      <subfield code="2">rdabf</subfield>
    </datafield>
    <datafield tag="340" ind1=" " ind2=" ">
      <subfield code="k">2 columns</subfield>
    </datafield>
    <datafield tag="500" ind1=" " ind2=" ">
      <subfield code="a">Title and statement of responsibily from GW and IDL.</subfield>
    </datafield>
    <datafield tag="500" ind1=" " ind2=" ">
      <subfield code="a">Place of publication also identified as: Cologne.</subfield>
    </datafield>
    <datafield tag="500" ind1=" " ind2=" ">
      <subfield code="a">Edition also attributed to Wendelin of Speier in Venice.</subfield>
    </datafield>
    <datafield tag="500" ind1=" " ind2=" ">
      <subfield code="a">First line leaf a1 verso: Ad gloriam inexplicabil[is] sup[er]beatissime trinitatis indiuidue intemerateq[ue] v[ir]ginis d[e]i genitricis Marie ac toti[us] tri[m]phantis ecclesie exultemus ...</subfield>
    </datafield>
    <datafield tag="500" ind1=" " ind2=" ">
      <subfield code="a">Table of contents on leaf a2 recto-a2 verso: Iste est numer[us] &amp; ordo opusculo[rum] doctoris sancti q[ue] allega[n]tur in hac tabula ...</subfield>
    </datafield>
    <datafield tag="500" ind1=" " ind2=" ">
      <subfield code="a">Includes index (leaf a4 recto-c7 recto): Tabula summe opusculoru[m] doctoris angelici beatissimi thome de aquino</subfield>
    </datafield>
    <datafield tag="500" ind1=" " ind2=" ">
      <subfield code="a">First line main work (leaf ²a1 recto: Tractat[us] sancti thome de au[ui]no co[n]tra errores  greco[rum] ad vrbanu[m] papa[m] quintum. At head of column: Opusculu[m] p[ri]mu[m]</subfield>
    </datafield>
    <datafield tag="500" ind1=" " ind2=" ">
      <subfield code="a">Explicit leaf ccccxliiij recto: Explicit tractatus beati thome de retractationib[us] in quo seip[su]m declarat in dictis suis vbi vide[rit] sibi [con]tradicere &amp;c.</subfield>
    </datafield>
    <datafield tag="500" ind1=" " ind2=" ">
      <subfield code="a">Text printed in two columns.</subfield>
    </datafield>
    <datafield tag="500" ind1=" " ind2=" ">
      <subfield code="a">Capital spaces without guide letters.</subfield>
    </datafield>
    <datafield tag="500" ind1=" " ind2=" ">
      <subfield code="a">Signatures: a-c⁸ ²a-²c⁸ d-n⁸ o⁴ O⁶ p-r⁸ [et]⁸ ſ⁶ S⁶ s-t⁸ v⁸ u⁸ w⁸ x-z⁸ ²[et]⁸ [con]⁸ [us]⁸ aa-rr⁸ [et][et]⁸ ſſ⁸ ss-tt⁸ vv⁸ uu⁸ ww⁸ xx-zz⁸ ²[et][et]⁸ [con][con]⁸ [us][us]⁸ A-H⁸; a1r, c7v, c8, and H8v are blank.</subfield>
    </datafield>
    <datafield tag="500" ind1=" " ind2=" ">
      <subfield code="a">Collational formula: a-c:8, a-n:8, o:6, O:4, p-r:8, [*]:8, [*]:6, S:6, s-t:8, v:8, u:8, w:8, x-z:8, [*]:8, [*]:8, [*]:8, 2a-2r:8, [*]:8, [*]:8, 2s-2t:8, 2v:8, 2u:8, 2w-2z:8, [*]:8, [*]:8, [*]:8, A-H:8.</subfield>
    </datafield>
    <datafield tag="505" ind1="0" ind2="0">
      <subfield code="t">Contra errores Graecorum --</subfield>
      <subfield code="t">De rationibus fidei contra Saracenos, sive De declaratione articulorum contra Graecos, Armenos et Saracenos --</subfield>
      <subfield code="t">Compendium theologiae --</subfield>
      <subfield code="t">De praeceptis caritatis --</subfield>
      <subfield code="t">De articulis fidei et ecclesiae sacramentis --</subfield>
      <subfield code="t">Expositio super Symbolum apostolorum --</subfield>
      <subfield code="t">Expositio orationis Dominicae --</subfield>
      <subfield code="t">Expositio super Ave Maria, sive salutationis angelicae --</subfield>
      <subfield code="t">Articuli CVIII ex Petro de Tarentasia --</subfield>
      <subfield code="t">Articuli XLII ad Johannem Vercellensem --</subfield>
      <subfield code="t">Articuli XXXVI ad lectorem Venetum --</subfield>
      <subfield code="t">Articuli VI ad lectorem Bisuntinum --</subfield>
      <subfield code="t">De differentia verbi--</subfield>
      <subfield code="t">De natura verbi intellectus --</subfield>
      <subfield code="t">De angelis --</subfield>
      <subfield code="t">De unitate intellectus contra Averroem --</subfield>
      <subfield code="t">Contra retrahentes, sive De perfectione christianae religionis --</subfield>
      <subfield code="t">De perfectione vitae spiritualis --</subfield>
      <subfield code="t">Contra impugnantes Dei --</subfield>
      <subfield code="t">De regimine principum --</subfield>
      <subfield code="t">De regimine Judaeorum, sive De Iudeis ad petitionem --</subfield>
      <subfield code="t">De forma absolutionis --</subfield>
      <subfield code="t">Expositio primae Decretalis --</subfield>
      <subfield code="t">Expositio secundae Decretalis --</subfield>
      <subfield code="t">De sortibus ad Jacobum de Burgo --</subfield>
      <subfield code="t">De astrorum iudiciis --</subfield>
      <subfield code="t">De aeternitate mundi --</subfield>
      <subfield code="t">De fato --</subfield>
      <subfield code="t">De principio individuationis --</subfield>
      <subfield code="t">De ente et essentia --</subfield>
      <subfield code="t">De principiis rerum naturalium --</subfield>
      <subfield code="t">De natura materiae --</subfield>
      <subfield code="t">De mixtione elementorum --</subfield>
      <subfield code="t">De occultis operibus naturae, sive Libellus occultorum naturae effectuum --</subfield>
      <subfield code="t">De motu cordis --</subfield>
      <subfield code="t">De instantibus--</subfield>
      <subfield code="t">De quattuor oppositis --</subfield>
      <subfield code="t">De demonstratione --</subfield>
      <subfield code="t">De fallaciis --</subfield>
      <subfield code="t">De propositionibus modalibus --</subfield>
      <subfield code="t">De natura accidentis --</subfield>
      <subfield code="t">De natura generis --</subfield>
      <subfield code="t">De potentiis animae --</subfield>
      <subfield code="t">De tempore --</subfield>
      <subfield code="t">De pluralitate formarum --</subfield>
      <subfield code="t">De dimensionibus interminatis --</subfield>
      <subfield code="t">De natura syllogismorum --</subfield>
      <subfield code="t">De sensu respectu --</subfield>
      <subfield code="t">De inventione medii --</subfield>
      <subfield code="t">De natura luminis --</subfield>
      <subfield code="t">De natura loci --</subfield>
      <subfield code="t">De intellectu et intelligibili, sive De modo intelligendi --</subfield>
      <subfield code="t">De eo quo est et quod est --</subfield>
      <subfield code="t">De universalibus --</subfield>
      <subfield code="t">De venerabili sacramento sermones XXXII, sive Modus procedendi in sermones de sacramento eucharistiae -</subfield>
      <subfield code="t">De eucharistia ad modum decem praedicamentorum, sive De corpore Christi --</subfield>
      <subfield code="t">De humanitate Christi --</subfield>
      <subfield code="t">Helwicus Theutonicus: De dilectione dei et proximi --</subfield>
      <subfield code="t">Thomas de Aquino: De divinis moribus --</subfield>
      <subfield code="t">De beatitudine aeternitatis --</subfield>
      <subfield code="t">De modo confitendi et puritate conscientiae --</subfield>
      <subfield code="t">De officio sacerdotis --</subfield>
      <subfield code="t">Expositio missae, sive De officio missae --</subfield>
      <subfield code="t">De emptione et venditione ad tempus --</subfield>
      <subfield code="t">Epistola de modo studendi, sive Epistola exhortatoria --</subfield>
      <subfield code="t">In Boethium de hebdomadibus --</subfield>
      <subfield code="t">In Boethium de Trinitate --</subfield>
      <subfield code="t">De vitiis et virtutibus, sive Quaternarius --</subfield>
      <subfield code="t">De concordantiis in seipsum.</subfield>
    </datafield>
    <datafield tag="510" ind1="4" ind2=" ">
      <subfield code="a">Incunabula Short Title Catalogue,</subfield>
      <subfield code="c">it00258500</subfield>
      <subfield code="u">https://data.cerl.org/istc/it00258500</subfield>
    </datafield>
    <datafield tag="510" ind1="4" ind2=" ">
      <subfield code="a">Gesamtkatalog der Wiegendrucke,</subfield>
      <subfield code="c">M46018</subfield>
      <subfield code="u">https://www.gesamtkatalogderwiegendrucke.de/docs/M46018.htm</subfield>
    </datafield>
    <datafield tag="510" ind1="4" ind2=" ">
      <subfield code="a">Incunabula in Dutch Libraries,</subfield>
      <subfield code="c">4368</subfield>
    </datafield>
    <datafield tag="650" ind1=" " ind2="0">
      <subfield code="a">Philosophy, Medieval</subfield>
      <subfield code="v">Early works to 1800.</subfield>
    </datafield>
    <datafield tag="650" ind1=" " ind2="0">
      <subfield code="a">Theology, Doctrinal</subfield>
      <subfield code="v">Early works to 1800.</subfield>
    </datafield>
    <datafield tag="610" ind1="2" ind2="0">
      <subfield code="a">Catholic Church</subfield>
      <subfield code="x">Doctrines</subfield>
      <subfield code="v">Early works to 1800.</subfield>
    </datafield>
    <datafield tag="650" ind1=" " ind2="6">
      <subfield code="a">Philosophie médiévale</subfield>
      <subfield code="v">Ouvrages avant 1800.</subfield>
    </datafield>
    <datafield tag="650" ind1=" " ind2="6">
      <subfield code="a">Théologie dogmatique</subfield>
      <subfield code="v">Ouvrages avant 1800.</subfield>
    </datafield>
    <datafield tag="610" ind1="2" ind2="6">
      <subfield code="a">Église catholique</subfield>
      <subfield code="x">Doctrines</subfield>
      <subfield code="v">Ouvrages avant 1800.</subfield>
    </datafield>
    <datafield tag="610" ind1="2" ind2="7">
      <subfield code="a">Catholic Church</subfield>
      <subfield code="2">fast</subfield>
    </datafield>
    <datafield tag="650" ind1=" " ind2="7">
      <subfield code="a">Philosophy, Medieval</subfield>
      <subfield code="2">fast</subfield>
    </datafield>
    <datafield tag="650" ind1=" " ind2="7">
      <subfield code="a">Theology, Doctrinal</subfield>
      <subfield code="2">fast</subfield>
    </datafield>
    <datafield tag="655" ind1=" " ind2="7">
      <subfield code="a">incunabula (books)</subfield>
      <subfield code="2">aat</subfield>
    </datafield>
    <datafield tag="655" ind1=" " ind2="7">
      <subfield code="a">Early works</subfield>
      <subfield code="2">fast</subfield>
    </datafield>
    <datafield tag="655" ind1=" " ind2="7">
      <subfield code="a">Incunabula.</subfield>
      <subfield code="2">lcgft</subfield>
    </datafield>
    <datafield tag="655" ind1=" " ind2="7">
      <subfield code="a">Incunables.</subfield>
      <subfield code="2">rvmgf</subfield>
    </datafield>
    <datafield tag="700" ind1="0" ind2=" ">
      <subfield code="a">Printer of Augustinus, 'Explanatio psalmorum',</subfield>
      <subfield code="e">printer.</subfield>
      <subfield code="4">prt</subfield>
    </datafield>
    <datafield tag="700" ind1="0" ind2=" ">
      <subfield code="a">Wendelin,</subfield>
      <subfield code="c">of Speier,</subfield>
      <subfield code="d">-1477?</subfield>
      <subfield code="e">printer,</subfield>
      <subfield code="e">attributed name.</subfield>
      <subfield code="4">prt</subfield>
      <subfield code="4">att</subfield>
      <subfield code="1">https://id.oclc.org/worldcat/entity/E39PBJcRbKc3R8dGvKwybdGT73</subfield>
    </datafield>
    <datafield tag="752" ind1=" " ind2=" ">
      <subfield code="a">Belgium,</subfield>
      <subfield code="e">publication place.</subfield>
      <subfield code="e">pup</subfield>
    </datafield>
    <datafield tag="752" ind1=" " ind2=" ">
      <subfield code="a">Germany</subfield>
      <subfield code="d">Cologne,</subfield>
      <subfield code="e">publication place,</subfield>
      <subfield code="e">attributed name.</subfield>
      <subfield code="4">pup</subfield>
      <subfield code="4">att</subfield>
    </datafield>
    <datafield tag="752" ind1=" " ind2=" ">
      <subfield code="a">Italy</subfield>
      <subfield code="d">Venice,</subfield>
      <subfield code="e">publication place,</subfield>
      <subfield code="e">attributed name.</subfield>
      <subfield code="4">pup</subfield>
      <subfield code="4">att</subfield>
    </datafield>
    <datafield tag="758" ind1=" " ind2=" ">
      <subfield code="a">Opuscula (Text)</subfield>
      <subfield code="1">https://id.oclc.org/worldcat/entity/E39PCGYVPHq9hDqDRb8FYdQwmd</subfield>
      <subfield code="4">https://id.oclc.org/worldcat/ontology/hasWork</subfield>
    </datafield>
    <datafield tag="936" ind1=" " ind2=" ">
      <subfield code="a">BATCHLOAD</subfield>
    </datafield>
  </record>